[Event "Francophone-ch 6th"]
[Site "Tirana"]
[Date "2018.08.27"]
[Round "2"]
[White "Oltian, Vata"]
[Black "Miralles, Gilles"]
[Result "0-1"]
[WhiteElo "2141"]
[BlackElo "2422"]
[PlyCount "48"]
[EventDate "2018.08.26"]
[EventType "swiss"]
[EventRounds "9"]
[EventCountry "ALB"]
[SourceTitle "CBM 186 Extra"]
[Source "ChessBase"]
[SourceDate "2018.08.24"]
[SourceVersion "1"]
[SourceVersionDate "2018.08.24"]
[SourceQuality "1"]

1. e4 c5 2. Nf3 e6 3. d3 d5 4. Nbd2 Nc6 5. g3 Nf6 6. Bg2 Be7 7. 0-0 0-0 8. e5 Nd7 9. Re1 Qc7 10. Qe2 f6 11. exf6 Nxf6 12. Bh3 e5 13. Bxc8 Qxc8 14. Nxe5 Nd4 15. Qd1 Bd6 16. f4 Qh3 17. Ndf3 Bxe5 18. Nxe5 Rae8 19. Rf1 h5 20. c3 Ng4 21. Nxg4 Re2 22. Qxe2 Nxe2+ 23. Kf2 hxg4 24. Kxe2 Re8+ 0-1

[Event "Pristina op"]
[Site "Pristina"]
[Date "2015.06.17"]
[Round "6"]
[White "Sadiku, Bedri"]
[Black "Oltian, Vata"]
[Result "1/2-1/2"]
[WhiteElo "2241"]
[BlackElo "2097"]
[PlyCount "25"]
[EventDate "2015.06.13"]
[EventType "swiss"]
[EventRounds "9"]
[EventCountry "KOS"]
[SourceTitle "CBM 167 Extra"]
[Source "ChessBase"]
[SourceDate "2015.09.14"]
[SourceVersion "1"]
[SourceVersionDate "2015.09.14"]
[SourceQuality "1"]

1. g3 c5 2. Bg2 g6 3. e4 Nc6 4. c3 Bg7 5. Ne2 d6 6. 0-0 Nf6 7. h3 h5 8. d4 cxd4 9. cxd4 Qb6 10. Nbc3 e6 11. b3 e5 12. Be3 Qa5 13. Qd2 1/2-1/2

[Event "Pristina op"]
[Site "Pristina"]
[Date "2015.06.16"]
[Round "5"]
[White "Oltian, Vata"]
[Black "Disha, Beshim"]
[Result "1-0"]
[WhiteElo "2097"]
[BlackElo "2009"]
[PlyCount "75"]
[EventDate "2015.06.13"]
[EventType "swiss"]
[EventRounds "9"]
[EventCountry "KOS"]
[SourceTitle "CBM 167 Extra"]
[Source "ChessBase"]
[SourceDate "2015.09.14"]
[SourceVersion "1"]
[SourceVersionDate "2015.09.14"]
[SourceQuality "1"]

1. e4 c5 2. Nf3 e6 3. d3 Nc6 4. g3 d5 5. Nbd2 Nf6 6. Bg2 g6 7. 0-0 Bg7 8. Re1 0-0 9. h4 b5 10. Nf1 Bb7 11. e5 Nd7 12. Bf4 Ne7 13. N1h2 h5 14. Bg5 Qe8 15. g4 hxg4 16. Nxg4 Nf5 17. Qd2 d4 18. Bh6 Bxf3 19. Bxf3 Nxh6 20. Nxh6+ Kh7 21. Ng4 Rc8 22. a4 b4 23. b3 Qe7 24. Qg5 Rfe8 25. Kg2 Rc7 26. Re4 a5 27. Rh1 Kg8 28. Qf4 Rf8 29. h5 g5 30. Qg3 f5 31. exf6 Nxf6 32. Nxf6+ Qxf6 33. h6 Bh8 34. Rg4 e5 35. Bd5+ Rff7 36. Rxg5+ Kf8 37. Bxf7 Rxf7 38. Rhh5 1-0

[Event "Skopje Karposh op"]
[Site "Skopje"]
[Date "2014.04.02"]
[Round "6"]
[White "Pancevski, Filip"]
[Black "Oltian, Vata"]
[Result "0-1"]
[WhiteElo "2466"]
[BlackElo "2022"]
[PlyCount "66"]
[EventDate "2014.03.29"]
[EventType "swiss"]
[EventRounds "9"]
[EventCountry "MKD"]
[SourceTitle "CBM 159 Extra"]
[Source "ChessBase"]
[SourceDate "2014.04.24"]
[SourceVersion "1"]
[SourceVersionDate "2014.04.24"]
[SourceQuality "1"]

1. e4 e5 2. Bc4 Nc6 3. Nf3 Be7 4. d4 exd4 5. 0-0 d6 6. Nxd4 Nf6 7. Nc3 0-0 8. h3 Nxd4 9. Qxd4 Be6 10. Bxe6 fxe6 11. e5 Nd7 12. exd6 cxd6 13. Be3 d5 14. Rae1 Bc5 15. Qg4 Re8 16. Bxc5 Nxc5 17. b4 Qf6 18. Nb5 Na6 19. c4 Rad8 20. c5 d4 21. a3 Rd5 22. Qe4 h6 23. Qd3 Re7 24. Nxa7 Nc7 25. Nc8 Re8 26. Nd6 Rf8 27. Re4 e5 28. f3 Ne6 29. Nb5 Qf7 30. Qc4 Nc7 31. Nd6 Qe6 32. Nxb7 Rb8 33. Nd6 Rxd6 0-1

[Event "EU-ch U18 23rd"]
[Site "Budva"]
[Date "2013.10.07"]
[Round "8"]
[White "Oltian, Vata"]
[Black "Veinberg, Nimrod"]
[Result "1-0"]
[WhiteElo "2013"]
[BlackElo "2147"]
[PlyCount "47"]
[EventDate "2013.09.29"]
[EventType "swiss"]
[EventRounds "9"]
[EventCountry "MNE"]
[SourceTitle "CBM 156 Extra"]
[Source "ChessBase"]
[SourceDate "2013.10.22"]
[SourceVersion "1"]
[SourceVersionDate "2013.10.22"]
[SourceQuality "1"]

1. e4 e5 2. Nf3 Nc6 3. d4 exd4 4. Bc4 Bc5 5. c3 Nf6 6. cxd4 Bb4+ 7. Nc3 Nxe4 8. 0-0 Bxc3 9. bxc3 d5 10. Ba3 dxc4 11. Re1 f5 12. Nd2 Kf7 13. Nxe4 fxe4 14. Rxe4 Qd5 15. Qf3+ Bf5 16. Rae1 Rad8 17. g4 Rhe8 18. gxf5 Rxe4 19. Rxe4 Qd7 20. d5 Na5 21. Re7+ Qxe7 22. Bxe7 Kxe7 23. Qg3 Rxd5 24. Qxg7+ 1-0

[Event "EU-ch U18 23rd"]
[Site "Budva"]
[Date "2013.10.06"]
[Round "7"]
[White "Vasile, Claudiu Daniel"]
[Black "Oltian, Vata"]
[Result "1-0"]
[WhiteElo "2202"]
[BlackElo "2013"]
[PlyCount "47"]
[EventDate "2013.09.29"]
[EventType "swiss"]
[EventRounds "9"]
[EventCountry "MNE"]
[SourceTitle "CBM 156 Extra"]
[Source "ChessBase"]
[SourceDate "2013.10.22"]
[SourceVersion "1"]
[SourceVersionDate "2013.10.22"]
[SourceQuality "1"]

1. e4 e5 2. Nf3 Nf6 3. d4 Nxe4 4. Bd3 d5 5. Nxe5 Nd7 6. Nxd7 Bxd7 7. 0-0 Bd6 8. c4 c6 9. cxd5 cxd5 10. Nc3 Nxc3 11. bxc3 0-0 12. Qh5 f5 13. Rb1 Qc7 14. Bd2 Bc6 15. Bxf5 g6 16. Be6+ Kh8 17. Qh4 Bf4 18. Bxf4 Rxf4 19. Qg5 Raf8 20. f3 Qa5 21. c4 R4f6 22. cxd5 Rxe6 23. Qh6 Ref6 24. dxc6 1-0

[Event "EU-ch U18 23rd"]
[Site "Budva"]
[Date "2013.10.02"]
[Round "4"]
[White "Oltian, Vata"]
[Black "Draskovic, Luka"]
[Result "0-1"]
[WhiteElo "2013"]
[BlackElo "2304"]
[PlyCount "86"]
[EventDate "2013.09.29"]
[EventType "swiss"]
[EventRounds "9"]
[EventCountry "MNE"]
[SourceTitle "CBM 156 Extra"]
[Source "ChessBase"]
[SourceDate "2013.10.22"]
[SourceVersion "1"]
[SourceVersionDate "2013.10.22"]
[SourceQuality "1"]

1. e4 d6 2. d4 Nf6 3. Nc3 e5 4. dxe5 dxe5 5. Qxd8+ Kxd8 6. Bg5 Bd6 7. 0-0-0 Nbd7 8. f3 a6 9. Nd5 Re8 10. Nxf6 Nxf6 11. Bxf6+ gxf6 12. Bd3 h5 13. Ne2 Rg8 14. g3 Bh3 15. Rhe1 Ke7 16. Bc4 Bc5 17. Nc3 c6 18. f4 b5 19. Bb3 Rad8 20. a4 Rxd1+ 21. Nxd1 exf4 22. gxf4 Rg2 23. e5 f5 24. e6 f6 25. axb5 axb5 26. Nc3 Rg1 27. Kd2 Rxe1 28. Kxe1 Bg1 29. Ne2 Bxh2 30. Nd4 Kd6 31. e7 Kxe7 32. Nxc6+ Kd6 33. Nd4 Bg3+ 34. Ke2 Bg4+ 35. Kf1 b4 36. Be6 Bxf4 37. Bxf5 Be5 38. Bxg4 hxg4 39. Nf5+ Ke6 40. Ne3 f5 41. b3 Bd4 42. Nc4 f4 43. Kg2 Kd5 0-1

[Event "Kukes op"]
[Site "Kukes"]
[Date "2013.06.05"]
[Round "7"]
[White "Oltian, Vata"]
[Black "Pasko, Llambi"]
[Result "0-1"]
[WhiteElo "1916"]
[BlackElo "2061"]
[PlyCount "58"]
[EventDate "2013.06.01"]
[EventType "swiss"]
[EventRounds "9"]
[EventCountry "ALB"]
[SourceTitle "CBM 154 Extra"]
[Source "ChessBase"]
[SourceDate "2013.06.25"]
[SourceVersion "2"]
[SourceVersionDate "2013.06.25"]
[SourceQuality "1"]

1. e4 c6 2. d4 d5 3. exd5 cxd5 4. c4 Nf6 5. Nc3 Nc6 6. Nf3 Bg4 7. Be3 e6 8. c5 Be7 9. Bb5 0-0 10. Bxc6 bxc6 11. h3 Bxf3 12. Qxf3 e5 13. dxe5 Nd7 14. Bd4 Bxc5 15. Bxc5 Nxc5 16. 0-0 Qb8 17. Qe2 d4 18. Nd1 Qb5 19. Qg4 Rad8 20. f4 f5 21. Qf3 Ne4 22. Re1 d3 23. Nc3 Qb6+ 24. Kh2 d2 25. Rf1 Rd4 26. Ne2 Rb4 27. Nc3 Rd8 28. a3 Rbd4 29. Nd1 Rd3 0-1

[Event "Kukes op"]
[Site "Kukes"]
[Date "2013.06.02"]
[Round "2"]
[White "Oltian, Vata"]
[Black "Halili, Sabri"]
[Result "1-0"]
[WhiteElo "1916"]
[BlackElo "2151"]
[PlyCount "139"]
[EventDate "2013.06.01"]
[EventType "swiss"]
[EventRounds "9"]
[EventCountry "ALB"]
[SourceTitle "CBM 154 Extra"]
[Source "ChessBase"]
[SourceDate "2013.06.25"]
[SourceVersion "2"]
[SourceVersionDate "2013.06.25"]
[SourceQuality "1"]

1. e4 c6 2. d4 d5 3. exd5 Qxd5 4. c4 Qe4+ 5. Be3 e5 6. a3 exd4 7. Qxd4 Nf6 8. Nc3 Qxd4 9. Bxd4 Be7 10. 0-0-0 0-0 11. Re1 Be6 12. Nf3 h6 13. Bd3 Nbd7 14. Bf5 Bxf5 15. Rxe7 Rfb8 16. Ne5 Be6 17. Nxd7 Nxd7 18. Re1 Nf8 19. b3 Rd8 20. Rd1 Rd7 21. Rxd7 Nxd7 22. Ne4 b5 23. cxb5 cxb5 24. Kb2 a5 25. f4 a4 26. b4 Rb8 27. Nd6 Nb6 28. Bxb6 Rxb6 29. f5 Bb3 30. Rd2 Rb8 31. Kc3 Rb6 32. g4 Kh7 33. h4 Rc6+ 34. Kb2 Rb6 35. g5 Kg8 36. Ne4 hxg5 37. hxg5 Rb8 38. Kc3 Rc8+ 39. Kd4 Rc4+ 40. Ke5 Rc1 41. Nc5 Bc4 42. Rd8+ Kh7 43. Nd7 Re1+ 44. Kd6 Rd1+ 45. Kc7 Rd5 46. Nf8+ Kg8 47. Rxd5 Bxd5 48. Nd7 Be4 49. f6 Bd3 50. Ne5 Be2 51. Kd6 gxf6 52. gxf6 Bf1 53. Ke7 Bc4 54. Nxc4 bxc4 55. b5 c3 56. b6 c2 57. b7 c1Q 58. b8Q+ Kh7 59. Qh2+ Kg6 60. Qg3+ Kf5 61. Kxf7 Qc4+ 62. Kg7 Qd4 63. Qf3+ Kg5 64. Qg2+ Kf5 65. Qc2+ Ke5 66. f7 Ke6+ 67. Kg8 Qg4+ 68. Kf8 Qh4 69. Qc6+ Ke5 70. Ke8 1-0

[Event "Kukes op"]
[Site "Kukes"]
[Date "2013.06.01"]
[Round "1"]
[White "Rama, Lorenc"]
[Black "Oltian, Vata"]
[Result "1-0"]
[WhiteElo "2300"]
[BlackElo "1916"]
[PlyCount "51"]
[EventDate "2013.06.01"]
[EventType "swiss"]
[EventRounds "9"]
[EventCountry "ALB"]
[SourceTitle "CBM 154 Extra"]
[Source "ChessBase"]
[SourceDate "2013.06.25"]
[SourceVersion "2"]
[SourceVersionDate "2013.06.25"]
[SourceQuality "1"]

1. Nf3 Nf6 2. c4 g6 3. Nc3 Bg7 4. e4 d6 5. d4 0-0 6. Be2 Nbd7 7. 0-0 c5 8. d5 Nb6 9. h3 e6 10. a4 exd5 11. cxd5 a5 12. Bf4 Nh5 13. Bh2 Bxc3 14. bxc3 Re8 15. Nd2 Nf6 16. f3 Bd7 17. c4 Nc8 18. Bd3 Ra6 19. f4 Rb6 20. e5 Nh5 21. g4 Ng7 22. Ne4 Rb4 23. Nf6+ Kh8 24. Qe1 Rf8 25. Qh4 h5 26. Qg5 1-0

[Event "Wch U18"]
[Site "Maribor"]
[Date "2012.11.17"]
[Round "10.38"]
[White "Oltian, Vata"]
[Black "Sofranov, Velizar"]
[Result "1-0"]
[WhiteElo "1799"]
[BlackElo "2191"]
[PlyCount "106"]
[EventDate "2012.11.08"]
[EventType "swiss"]
[EventRounds "11"]
[EventCountry "SLO"]
[SourceTitle "EXT 2013"]
[Source "ChessBase"]
[SourceDate "2012.11.22"]
[SourceVersion "1"]
[SourceVersionDate "2012.11.22"]
[SourceQuality "1"]

1. e4 g6 2. d4 Bg7 3. c4 d6 4. Nc3 e5 5. Be3 Nc6 6. d5 Nce7 7. Bd3 Nf6 8. f3 Nh5 9. Nge2 f5 10. Qd2 f4 11. Bf2 0-0 12. 0-0-0 g5 13. g4 Nf6 14. h4 h6 15. Rh2 Ng6 16. Rdh1 Nxh4 17. Bxh4 gxh4 18. Rxh4 Nh7 19. Ng1 Ng5 20. Qh2 Rf6 21. Nd1 c6 22. Kb1 a5 23. Qe2 Bd7 24. Nh3 Nf7 25. Rh5 Rg6 26. Nxf4 exf4 27. e5 Nxe5 28. Bxg6 Nxg6 29. dxc6 Qc7 30. cxd7 Qxd7 31. Re1 Ne5 32. Qe4 Qc7 33. Qd5+ Kh8 34. Reh1 Rd8 35. Qe6 Nf7 36. g5 Rd7 37. Qe8+ Kh7 38. Qe4+ Kh8 39. g6 Ne5 40. Qxf4 Qxc4 41. Qxc4 Nxc4 42. f4 d5 43. f5 d4 44. Nf2 d3 45. Rd1 Rc7 46. a3 d2 47. Rh3 Kg8 48. Rd3 Rc8 49. Ka2 Re8 50. b3 Re1 51. Rd8+ Bf8 52. f6 Ne5 53. g7 Ng6 1-0

[Event "Wch U18"]
[Site "Maribor"]
[Date "2012.11.15"]
[Round "8.42"]
[White "Oltian, Vata"]
[Black "Havas, Janko"]
[Result "1-0"]
[WhiteElo "1799"]
[BlackElo "2135"]
[PlyCount "89"]
[EventDate "2012.11.08"]
[EventType "swiss"]
[EventRounds "11"]
[EventCountry "SLO"]
[SourceTitle "EXT 2013"]
[Source "ChessBase"]
[SourceDate "2012.11.22"]
[SourceVersion "1"]
[SourceVersionDate "2012.11.22"]
[SourceQuality "1"]

1. e4 c5 2. Nf3 d6 3. c3 Nf6 4. Bd3 g6 5. 0-0 Bg7 6. Bc2 0-0 7. h3 Nc6 8. d4 cxd4 9. cxd4 Qc7 10. Nc3 a6 11. Bg5 e6 12. Rc1 h6 13. Bh4 Qa5 14. Qd2 Nd7 15. a3 g5 16. Bg3 e5 17. b4 Qd8 18. d5 Ne7 19. Nd1 Nf6 20. Ne3 Nh5 21. h4 Ng6 22. hxg5 hxg5 23. Nf5 Ngf4 24. Ne3 Bf6 25. Nh2 Kg7 26. Bd1 Bd7 27. Bg4 Bb5 28. Nf5+ Kg6 29. Rfd1 Qb6 30. Rc3 Rh8 31. Rdc1 Bd7 32. Rc7 Nxg3 33. Nxg3 Bxg4 34. Nxg4 Rh4 35. Ne3 Rah8 36. Rc8 Bd8 37. Rb8 Qd4 38. Qc2 Qa7 39. Rc8 Qb6 40. Rb8 Qb5 41. Re1 a5 42. Qc4 Qb6 43. Qc8 axb4 44. Rxb7 Qxb7 45. Qxb7 1-0

[Event "Wch U18"]
[Site "Maribor"]
[Date "2012.11.14"]
[Round "7.33"]
[White "Ahvenjarvi, Jani"]
[Black "Oltian, Vata"]
[Result "1-0"]
[WhiteElo "2218"]
[BlackElo "1799"]
[PlyCount "63"]
[EventDate "2012.11.08"]
[EventType "swiss"]
[EventRounds "11"]
[EventCountry "SLO"]
[SourceTitle "EXT 2013"]
[Source "ChessBase"]
[SourceDate "2012.11.22"]
[SourceVersion "1"]
[SourceVersionDate "2012.11.22"]
[SourceQuality "1"]

1. e4 e5 2. Nf3 Nc6 3. Bb5 a6 4. Ba4 Nf6 5. Qe2 Bc5 6. c3 0-0 7. d3 d6 8. Bg5 Bg4 9. h3 Be6 10. Nbd2 h6 11. Bh4 Ne7 12. d4 exd4 13. cxd4 Bb4 14. Bxf6 gxf6 15. 0-0 Ng6 16. d5 Bc8 17. Nd4 Kh7 18. Kh2 Qe7 19. N2f3 Rg8 20. g3 b5 21. Nc6 Qd7 22. Rg1 Bc5 23. Bc2 Bb7 24. Na5 Bc8 25. Nc6 Ne5 26. b4 Bb6 27. Rac1 Rg5 28. a4 h5 29. a5 h4 30. axb6 cxb6 31. Nfxe5 dxe5 32. g4 1-0